000 00811nam a22002297a 4500
001 5741
003 FISKH
005 20250117101909.0
008 250117b cb ||||| |||| 00| 0 eng d
020 _a9781433805615
040 _aFISKH
_beng
_cFISKH
_dFISKH
050 _aBF76.7
100 _aAmerican Psychological Association
245 _aPublication manual :
_bof the American psychological association : sixth edition /
_cby American Psychological Association
260 _aWashington, DC :
_bAmerican Psychological Association ;
_c2010.
300 _a272 pages :
_billustrations ;
_c26 cm .
490 _aAPA Style Guide
650 _aPsychology- Authorship - Style manuals
_vnon-fiction
650 _aSocial science- Authorship- Style manuals
_vnon-fiction
942 _2ddc
_cBK
_n0
999 _c5741
_d5741